Southville International School and Colleges
Your cart is empty.
  • Cart
  • Lists
    Public lists Eva Luna New books Lux_list list_1
    Your lists Log in to create your own lists
  • Log in to your account
  • Your cookies
  • Search history
Southville International School and Colleges
  • Advanced search
  • Recent comments
  • Most popular
  • Libraries

Log in to your account

Log in with GOOGLE


If you do not have an external account, but do have a local account, you can still log in:

  1. Home
  2. MARC view: Johnny Tremain /
Normal view MARC view ISBD view

Johnny Tremain / (Record no. 287965)

[ view plain ]
MARC details
000 -LEADER
fixed length control field 00612nam a2200169Ia 4500
008 - FIXED-LENGTH DATA ELEMENTS--GENERAL INFORMATION
fixed length control field 150610s9999 xx 000 0 und d
020 ## - INTERNATIONAL STANDARD BOOK NUMBER
International Standard Book Number 0 440942500
050 ## - LIBRARY OF CONGRESS CALL NUMBER
Classification number PZ7
Item number .F749Jo 1971
100 ## - MAIN ENTRY--PERSONAL NAME
Personal name Forbes, Esther
245 ## - TITLE STATEMENT
Title Johnny Tremain /
Statement of responsibility, etc written by Esther Forbes.
260 ## - PUBLICATION, DISTRIBUTION, ETC. (IMPRINT)
Place of publication, distribution, etc New York :
Name of publisher, distributor, etc Bantam Books,
Date of publication, distribution, etc 1971.
300 ## - PHYSICAL DESCRIPTION
Extent 269pages ;
Dimensions 18 cm.
520 ## - SUMMARY, ETC.
Summary, etc Juvenile fiction.
650 ## - SUBJECT ADDED ENTRY--TOPICAL TERM
Topical term or geographic name as entry element Boston (Mass.) -- History -- Revolution, 1775-1783
General subdivision Fiction.
650 ## - SUBJECT ADDED ENTRY--TOPICAL TERM
Topical term or geographic name as entry element United States -- History -- Revolution, 1775-1783
Topical term following geographic name as entry element Fiction.
650 ## - SUBJECT ADDED ENTRY--TOPICAL TERM
Topical term or geographic name as entry element United States -- History -- Revolution, 1775-1783
General subdivision Fiction.
Holdings
Withdrawn status Lost status Damaged status Home library Current library Shelving location Date acquired Total Checkouts Full call number Barcode Date last seen Price effective from Koha item type
      Stonyhurst Southville International School (Batangas) Stonyhurst Southville International School (Batangas) High School Section 06/10/2015   PZ7.F749Jo 1971 US-1417 06/10/2015 06/10/2015 Books

Johnny Tremain /

APA

Forbes E., . (1971). Johnny Tremain. New York: Bantam Books.

Chicago

Forbes Esther, . 1971. Johnny Tremain. New York: Bantam Books.

Harvard

Forbes E., . (1971). Johnny Tremain. New York: Bantam Books.

MLA

Forbes Esther, . Johnny Tremain. New York: Bantam Books. 1971.

  • Place hold
  • Print
  • Cite
  • Add to your cart (remove)
  • Save record
    BIBTEX Dublin Core MARCXML MARC (non-Unicode/MARC-8) MARC (Unicode/UTF-8) MARC (Unicode/UTF-8, Standard) MODS (XML) RIS
  • More searches
    Search for this title in:
    Other Libraries (WorldCat) Other Databases (Google Scholar) Online Stores (Bookfinder.com) Open Library (openlibrary.org)

Exporting to Dublin Core...

SOUTHVILLE LIBRARY

Southville International School and Colleges Library

1281 Tropical Ave. Cor. Luxembourg St., BF Homes International, Las Pinas City

Tel. No. 8256374 / 252358 Loc. 117/146

Powered by Koha